| 000 | 00379nam a2200157Ia 4500 | ||
|---|---|---|---|
| 008 | 210210b1929 xxu||||| |||| 00| 0 eng d | ||
| 041 | _aeng | ||
| 082 | _a335/81 | ||
| 100 | _aDARLING (M L) | ||
| 245 | _aRusticus logquitur | ||
| 260 |
_aLondon _bOxford University Press _c1929 |
||
| 650 | _aRusticus | ||
| 650 | _alogquitur | ||
| 690 | _aIndian Economics | ||
| 906 | _a004424 | ||
| 999 |
_c125340 _d125340 |
||